Začínáme na burze : jak uspět při obchodování na finančních trzích: akcie, komodity, forex a kryptoměny /
Příručka poskytuje potřebné informace o obchodování a investování na finančních trzích.
Uloženo v:
| Hlavní autor: | |
|---|---|
| Korporativní autor: | |
| Médium: | E-kniha |
| Jazyk: | Czech |
| Vydáno: |
Brno :
BizBooks,
2018
|
| Vydání: | Nové rozšířené vydání |
| Témata: | |
| Tagy: |
Žádné tagy |
| LEADER | 02637nam a2200565 i 4500 | ||
|---|---|---|---|
| 001 | 310930 | ||
| 003 | CZ PrSKC | ||
| 005 | 20260601215657.0 | ||
| 007 | ta | ||
| 008 | 180808s2018 xr a e f 000 0 cze | ||
| 015 | |a cnb003019457 | ||
| 020 | |a 9788026507802 |q (brožováno) : |c Kč 349,00 | ||
| 035 | |a (OCoLC)1051224867 | ||
| 040 | |a OLA001 |b cze |d ABA001 |e rda | ||
| 072 | 7 | |a 336.7 |x Finance |2 Konspekt | |
| 080 | |a 336.761 |2 MRF | ||
| 080 | |a 336.764/.768 |2 MRF | ||
| 080 | |a 336.76 |2 MRF | ||
| 080 | |a 336.76:303.7 |2 MRF | ||
| 080 | |a (0.062) |2 MRF | ||
| 100 | 1 | |a Hartman, Ondřej |7 mzk2009491962 |4 aut | |
| 245 | 1 | 0 | |a Začínáme na burze : |b jak uspět při obchodování na finančních trzích: akcie, komodity, forex a kryptoměny / |c Ondřej Hartman a tým FXstreet.cz |
| 246 | 3 | 0 | |a Jak uspět při obchodování na finančních trzích |
| 250 | |a Nové rozšířené vydání | ||
| 264 | 1 | |a Brno : |b BizBooks, |c 2018 | |
| 300 | |a 270 stran : |b ilustrace ; |c 21 cm | ||
| 336 | |a text |b txt |2 rdacontent | ||
| 337 | |a bez média |b n |2 rdamedia | ||
| 338 | |a svazek |b nc |2 rdacarrier | ||
| 500 | |a V tiráži: 2. vydání | ||
| 500 | |a Terminologický slovník | ||
| 504 | |a Obsahuje bibliografii | ||
| 520 | 2 | |a Příručka poskytuje potřebné informace o obchodování a investování na finančních trzích. |b Provází nezbytnou teorií doplněnou praktickými příklady, vysvětluje principy analytických nástrojů a radí, jak vybrat finanční trh odpovídající individuálním možnostem.Nakladatelská anotace. Kráceno | |
| 650 | 0 | 7 | |a burzy cenných papírů |7 ph134669 |2 czenas |
| 650 | 0 | 7 | |a obchodování s cennými papíry |7 ph138701 |2 czenas |
| 650 | 0 | 7 | |a finanční investování |7 ph137283 |2 czenas |
| 650 | 0 | 7 | |a technická analýza |7 ph777164 |2 czenas |
| 650 | 0 | 9 | |a stock exchanges |2 eczenas |
| 650 | 0 | 9 | |a securities trading |2 eczenas |
| 650 | 0 | 9 | |a financial investments |2 eczenas |
| 650 | 0 | 9 | |a technical analysis |2 eczenas |
| 655 | 7 | |a populárně-naučné publikace |7 fd131864 |2 czenas | |
| 655 | 9 | |a popular works |2 eczenas | |
| 710 | 2 | |a FXstreet (firma) |7 mzk2013795273 |4 aut | |
| 900 | |a ABA001 |b 19 | ||
| 928 | 9 | |a Albatros Media - BizBooks | |
| 044 | |a xr | ||
| 910 | |a RBIT002 | ||
| 998 | |d 179092 |a https://core.palmknihy.cz/api/books/179092/cover?pdwvtx |b https://core.palmknihy.cz/api/books/179092/cover/400?pdwvtx |c https://core.palmknihy.cz/api/books/179092/cover/50?pdwvtx |e 3999-12-31 |g 272 |i 9788026507802 |j https://core.palmknihy.cz/api/books/179092/preview.epub |k https://core.palmknihy.cz/api/books/179092/preview.pdf |l |q 49 |r 1 |s https://www.palmknihy.cz/kniha/179092 |t ebook |y 2018 |z 0 | ||
| 999 | |d 310928 | ||